00536nam a2200169 a 450008200160000010000230001624500460003926000320008530000080011750000350012550500100016065000160017070000230018694200070020995201330021699900170034900a340.59bQAD aQadri, Anwar Ahmad aIslamic Jurisprudence in the Modern World aLondonbEdward Arnoldc1900 a00p aincludes index and biblioraphy2 aIndex aIslamic-Law1 aQadri, Anwar Ahmad cBK 001040708StackRoom-aHMIbHMId2007-08-01g100.00l19m2o340.59 QADp018256r2025-02-03s2025-01-27v100.00w2005-05-24yBK c13214d13214